000 01399cam a22004097a 4500
001 18665812
003 NUST
005 20211111102312.0
008 150619s2014 njua b 001 0 eng d
010 _a 2015430401
015 _aGBB396729
_2bnb
016 7 _a016525307
_2Uk
020 _a9780470619032 (hbk.)
035 _a(OCoLC)ocn861647602
038 _aKhadija
040 _aUKMGB
_beng
_cUKMGB
_dOCLCO
_dCDX
_dYDXCP
_dCUD
_dOCLCF
_dBTCTA
_dBDX
_dLTSCA
_dDLC
042 _alccopycat
050 0 0 _aTJ853.4.M53
_bK58 2014
082 0 4 _a629.4042
_223
_bKLE
100 1 _aKleinstreuer, C.,
_eauthor.
_930480
245 1 0 _aMicrofluidics and Nanofluidics :
_btheory and selected applications /
_cClement Kleinstreuer.
264 1 _aHoboken :
_bJohn Wiley & Sons,
_c[2014]
300 _axvii, 436 pages :
_billustrations ;
_c25 cm
336 _atext
_2rdacontent
337 _aunmediated
_2rdamedia
338 _avolume
_2rdacarrier
504 _aIncludes bibliographical references and index.
530 _aAlso issued online.
563 _ahardcover
650 0 _aMicrofluidics.
_910015
650 0 _aNanofluids.
_910016
650 7 _aMicrofluidics.
_2fast
_0(OCoLC)fst01736696
_910015
650 7 _aNanofluids.
_2fast
_0(OCoLC)fst01742507
_910016
906 _a7
_bcbc
_ccopycat
_d2
_encip
_f20
_gy-gencatlg
942 _2ddc
_cBK
999 _c527750
_d527750